01453nam a2200385 i 450000100060000000300080000600500170001400600190003100700150005000800410006502000180010603500220012404000310014605000210017708000110019808200120020910000250022124501330024626400440037930000410042333600290046433700330049333800430052650400290056958800830059859001620068165000180084365000350086165000180089665000280091465500270094279700180096985600630098799900170105048101FINmELB20241216231923.0m o u cr cn|||||||||220626s2014 ag ob 000 0 spa d z9789875746428 a(OCoLC)1336972450 aFINmELBbspaerdacFINmELB14aBD222bM316 2014 a165.4204a1262231 aMarchesino, César.10aEntre la insignificancia y la creación :bsubjetividad y política en el pensamiento de C. Castoriadis /cCésar Marchesino. 1aBuenos Aires :bPrometeo Libros,c2014. a1 recurso en línea (187 páginas) atextobtxt2rdamedia/spa acomputadorabc2rdamedia/spa arecurso en líneabcr2rdacarrier/spa aContiene bibliografía. aDescripción basada en metadatos suministrados por el editor y otras fuentes. aRecurso electrónico. Santa Fe, Arg.: elibro, 2022. Disponible vía World Wide Web. El acceso puede estar limitado para las bibliotecas afiliadas a elibro. 0aSubjectivity. 0aPolitical sciencexPhilosophy. 4aSubjetividad. 4aFilosofía política. 4aLibros electrónicos.2 aelibro, Corp.40uhttps://elibro.net/ereader/politecnicointernacional/189809 c48101d48101